000 00513nam a2200157Ia 4500
003 OSt
005 20260125143539.0
008 241202s9999 xx 000 0 und d
040 _c0
100 _aCharenamei, Maran
245 0 _aHousing access and experiences of northeast migrants in new Delhi :
_brole of identity, networks, and policy /
_cMaran Charenamei
260 _aBangalore :
_bNLSIU,
_c2023.
300 _a60 p. :
_c24 cm.
856 _uhttps://dans.nls.ac.in/handle/123456789/2225
942 _cDIS
_2ddc
999 _c213229
_d213229